<?xml version="1.0" encoding="UTF-8"?><?xml-stylesheet type="text/xsl" href="static/style.xsl"?><OAI-PMH xmlns="http://www.openarchives.org/OAI/2.0/" xmlns:xsi="http://www.w3.org/2001/XMLSchema-instance" xsi:schemaLocation="http://www.openarchives.org/OAI/2.0/ http://www.openarchives.org/OAI/2.0/OAI-PMH.xsd"><responseDate>2026-04-14T02:06:03Z</responseDate><request verb="GetRecord" identifier="oai:www.recercat.cat:20.500.12328/4753" metadataPrefix="marc">https://recercat.cat/oai/request</request><GetRecord><record><header><identifier>oai:recercat.cat:20.500.12328/4753</identifier><datestamp>2025-05-16T12:46:25Z</datestamp><setSpec>com_2072_67741</setSpec><setSpec>col_2072_484352</setSpec></header><metadata><record xmlns="http://www.loc.gov/MARC21/slim" xmlns:dcterms="http://purl.org/dc/terms/" xmlns:xsi="http://www.w3.org/2001/XMLSchema-instance" xmlns:doc="http://www.lyncode.com/xoai" xsi:schemaLocation="http://www.loc.gov/MARC21/slim http://www.loc.gov/standards/marcxml/schema/MARC21slim.xsd">
   <leader>00925njm 22002777a 4500</leader>
   <datafield ind2=" " ind1=" " tag="042">
      <subfield code="a">dc</subfield>
   </datafield>
   <datafield ind2=" " ind1=" " tag="720">
      <subfield code="a">de Paz-Cantos, S.</subfield>
      <subfield code="e">author</subfield>
   </datafield>
   <datafield ind2=" " ind1=" " tag="720">
      <subfield code="a">González-Marrón, A.</subfield>
      <subfield code="e">author</subfield>
   </datafield>
   <datafield ind2=" " ind1=" " tag="720">
      <subfield code="a">Martínez-Sánchez, J.M.</subfield>
      <subfield code="e">author</subfield>
   </datafield>
   <datafield ind2=" " ind1=" " tag="260">
      <subfield code="c">2024</subfield>
   </datafield>
   <datafield ind2=" " ind1=" " tag="520">
      <subfield code="a">Antecedentes y objetivo. Hoy en día vivimos en un mundo rodeado de tecnología. Son muchos los niños/as que no cumplen con las recomendaciones de las guías pediátricas de uso de dispositivos electrónicos y la edad de inicio en adquirir el primer teléfono inteligente es muy temprana. El objetivo de este estudio es describir las opiniones y percepciones de un grupo de profesionales sanitarios sobre el uso de teléfonos móviles durante la preadolescencia. Métodos. Se realizó un estudio cualitativo mediante entrevistas semiestructuradas a seis profesionales sanitarios (cuatro pediatras, un psicólogo y una psiquiatra) especializados en salud infantil en un hospital de primer nivel (España). Todas las entrevistas se transcribieron literalmente (mayo de 2023), se anonimizaron y se analizaron estratégicamente utilizando un enfoque deductivoinductivo (DAFO: Debilidades, Amenazas, Fortalezas, Oportunidades). Resultados. Los profesionales entrevistados declararon que la sociedad está digitalizada y que especialmente los teléfonos móviles pueden tener efectos beneficiosos y perjudiciales para la salud de los niños. Los profesionales declararon que cada vez son más los niños que entran a consulta con un dispositivo móvil y la edad del primer dispositivo debería ser entorno a los 12 años, aunque depende de la madurez del menor. Según género, los profesionales explican que el uso de las redes sociales es mayor en las niñas y los videojuegos en los niños. Existe unanimidad entre los profesionales en la creación de una plataforma web que ayude a las familias en la gestión del primer móvil durante la preadolescencia. Conclusiones. El avance de la tecnología sigue determinando el patrón y el tiempo de uso de los dispositivos de pantalla. Las familias, los educadores y los responsables políticos deben colaborar para establecer juntos pautas saludables de promoción de uso de dispositivos de pantalla.</subfield>
   </datafield>
   <datafield ind1="8" ind2=" " tag="024">
      <subfield code="a">de Paz-Cantos, S.; González-Marrón, A.; Martínez-Sánchez, J.M. [et al.]. Opiniones y percepciones de profesionales sanitarios sobre el uso del teléfono móvil durante la preadolescencia: Estudio cualitativo. Boletín de Pediatría, 2024, 64(268), p. 109-116. Disponible en: &lt;https://boletindepediatria.org/boletin/article/view/1860>. Fecha de acceso: 10 feb. 2025.</subfield>
   </datafield>
   <datafield ind1="8" ind2=" " tag="024">
      <subfield code="a">0214-2597</subfield>
   </datafield>
   <datafield ind1="8" ind2=" " tag="024">
      <subfield code="a">http://hdl.handle.net/20.500.12328/4753</subfield>
   </datafield>
   <datafield tag="653" ind2=" " ind1=" ">
      <subfield code="a">Mètode qualitatiu</subfield>
   </datafield>
   <datafield tag="653" ind2=" " ind1=" ">
      <subfield code="a">Professionals sanitaris</subfield>
   </datafield>
   <datafield tag="653" ind2=" " ind1=" ">
      <subfield code="a">Smartphone</subfield>
   </datafield>
   <datafield tag="653" ind2=" " ind1=" ">
      <subfield code="a">Temps de pantalla</subfield>
   </datafield>
   <datafield tag="653" ind2=" " ind1=" ">
      <subfield code="a">Método cualitativo</subfield>
   </datafield>
   <datafield tag="653" ind2=" " ind1=" ">
      <subfield code="a">Profesionales sanitarios</subfield>
   </datafield>
   <datafield tag="653" ind2=" " ind1=" ">
      <subfield code="a">Teléfono inteligente</subfield>
   </datafield>
   <datafield tag="653" ind2=" " ind1=" ">
      <subfield code="a">Tiempo de pantalla</subfield>
   </datafield>
   <datafield tag="653" ind2=" " ind1=" ">
      <subfield code="a">Qualitative method</subfield>
   </datafield>
   <datafield tag="653" ind2=" " ind1=" ">
      <subfield code="a">Health professionals</subfield>
   </datafield>
   <datafield tag="653" ind2=" " ind1=" ">
      <subfield code="a">Smartphone</subfield>
   </datafield>
   <datafield tag="653" ind2=" " ind1=" ">
      <subfield code="a">Screen time</subfield>
   </datafield>
   <datafield ind2="0" ind1="0" tag="245">
      <subfield code="a">Opiniones y percepciones de profesionales sanitarios sobre el uso del teléfono móvil durante la preadolescencia: Estudio cualitativo</subfield>
   </datafield>
</record></metadata></record></GetRecord></OAI-PMH>